[Event "Roquetas de Mar op 35th"]
[Site "Roquetas de Mar"]
[Date "2024.01.03"]
[Round "2"]
[White "Fiorito, Francisco"]
[Black "Garrido Diaz, Ernesto"]
[Result "1-0"]
[WhiteElo "2370"]
[BlackElo "2120"]
[PlyCount "133"]
[EventDate "2024.01.02"]
[EventType "swiss"]
[EventRounds "9"]
[EventCountry "ESP"]
[SourceTitle "CB02_2024"]
[SourceDate "2024.01.10"]
[SourceVersion "1"]
[SourceVersionDate "2024.01.10"]
[SourceQuality "1"]

1. Nf3 d5 2. b3 Nf6 3. Bb2 e6 4. e3 Be7 5. d4 b6 6. Bd3 Bb7 7. 0-0 0-0 8. a3 Nbd7 9. c4 c5 10. Nc3 Rc8 11. Rc1 Ne4 12. cxd5 exd5 13. dxc5 Ndxc5 14. Be2 Bf6 15. Nd4 a6 16. Na2 g6 17. Nb4 a5 18. Nd3 Nxd3 19. Bxd3 Rxc1 20. Qxc1 Qe7 21. Rd1 Nc5 22. Bc2 Ne6 23. Ne2 Rc8 24. Qb1 Bxb2 25. Qxb2 Qg5 26. Nd4 Qf6 27. h3 Nxd4 28. Rxd4 Qc6 29. Bd1 Qc3 30. Qe2 Re8 31. Qd2 Qa1 32. a4 Qb1 33. Kh2 Rc8 34. Rf4 Qa1 35. Bf3 Qe5 36. g3 Qc3 37. Qd1 Qc2 38. Qd4 Qxb3 39. Qf6 Rf8 40. Bg4 d4 41. Rxd4 Qb1 42. Bf3 Bxf3 43. Qxf3 Qb3 44. Qc6 h5 45. Kg2 Qa3 46. Qxb6 Qc3 47. Qf6 Qc5 48. Qf3 Rc8 49. Rd5 Qb4 50. Rd7 Qc4 51. Qd5 Rc5 52. Qa8+ Kg7 53. Rd4 Qe6 54. Qb7 Rf5 55. Qb2 Kh7 56. Rd8 Re5 57. f4 Qc6+ 58. Kf2 Re8 59. Rxe8 Qxe8 60. Qd4 Qc8 61. Qd5 Kg8 62. Qxa5 Qxh3 63. Qa8+ Kg7 64. Qd5 Qc8 65. a5 Qc2+ 66. Kf3 Qa4 67. Qd4+ 1-0

[Event "ESP-ch U18"]
[Site "Salobrena"]
[Date "2023.08.02"]
[Round "5"]
[White "Garrido Diaz, Ernesto"]
[Black "Perez Garcia, Jimena"]
[Result "1-0"]
[WhiteElo "2142"]
[BlackElo "1909"]
[PlyCount "149"]
[EventDate "2023.07.31"]
[EventType "swiss"]
[EventRounds "9"]
[EventCountry "ESP"]
[SourceTitle "CBM 215 Extra"]
[Source "ChessBase"]
[SourceDate "2023.09.30"]
[SourceVersion "1"]
[SourceVersionDate "2023.09.30"]
[SourceQuality "1"]

1. e4 c5 2. Nf3 d6 3. Bb5+ Bd7 4. Bxd7+ Nxd7 5. 0-0 Ngf6 6. Re1 e6 7. c4 Ng4 8. d4 cxd4 9. Qxd4 Nge5 10. Nxe5 dxe5 11. Qd1 Rc8 12. b3 Bb4 13. Bd2 Bxd2 14. Qxd2 Nc5 15. Qe2 0-0 16. Rd1 Qh4 17. Nc3 Rfd8 18. b4 Na6 19. a3 Nb8 20. c5 a6 21. g3 Qe7 22. Na4 Rxd1+ 23. Rxd1 Rd8 24. Nb6 Nc6 25. Kg2 Nd4 26. Qd3 Nc6 27. Qc2 Nd4 28. Qc3 Nc6 29. Rd3 Rd4 30. Rxd4 exd4 31. Qd3 a5 32. b5 Na7 33. Qxd4 Nxb5 34. Qe5 Qc7 35. Qxc7 Nxc7 36. Kf3 Na6 37. Na4 Kf8 38. Ke3 Ke7 39. Kd4 Kd7 40. Nb2 Kc6 41. Nc4 Nxc5 42. Ne5+ Kb5 43. Nxf7 Nd7 44. Nd6+ Kc6 45. Nc4 a4 46. f4 b5 47. Nd2 Nf6 48. Ke5 Kd7 49. h3 Ne8 50. g4 Nc7 51. g5 Kc6 52. f5 exf5 53. exf5 Kd7 54. h4 Ke7 55. Ne4 Ne8 56. Kd5 h6 57. Kc5 hxg5 58. hxg5 Nc7 59. Nc3 g6 60. f6+ Kd7 61. Ne4 Kd8 62. Kd6 Ne8+ 63. Ke6 Nc7+ 64. Kf7 b4 65. axb4 a3 66. Nc3 Nd5 67. Na2 Nf4 68. b5 Kd7 69. Kg7 Ne6+ 70. Kxg6 Ke8 71. b6 Nf8+ 72. Kg7 Ne6+ 73. Kg8 Kd7 74. b7 Kc7 75. f7 1-0

[Event "ESP-ch U18"]
[Site "Salobrena"]
[Date "2023.07.31"]
[Round "2"]
[White "Gomez Pastrana, Juan"]
[Black "Garrido Diaz, Ernesto"]
[Result "1/2-1/2"]
[WhiteElo "1935"]
[BlackElo "2142"]
[PlyCount "180"]
[EventDate "2023.07.31"]
[EventType "swiss"]
[EventRounds "9"]
[EventCountry "ESP"]
[SourceTitle "CBM 215 Extra"]
[Source "ChessBase"]
[SourceDate "2023.09.30"]
[SourceVersion "1"]
[SourceVersionDate "2023.09.30"]
[SourceQuality "1"]

1. e4 c5 2. Nc3 Nc6 3. g3 g6 4. Bg2 Bg7 5. d3 d6 6. Be3 Rb8 7. Qd2 b5 8. Nge2 h5 9. h3 Nd4 10. Nd1 e5 11. Nc1 Ne7 12. c3 Ne6 13. Ne2 d5 14. exd5 Nxd5 15. 0-0 Bb7 16. f4 exf4 17. Nxf4 Ndxf4 18. Bxf4 Nxf4 19. Qxf4 0-0 20. Nf2 Bxg2 21. Kxg2 b4 22. Qc4 Kh8 23. Rae1 bxc3 24. bxc3 Rb2 25. Rb1 Qa8+ 26. Kg1 Rxb1 27. Rxb1 Qf3 28. Qf4 Qxf4 29. gxf4 Bxc3 30. Rb7 a5 31. Rb5 Bb4 32. Ne4 Rd8 33. Rb7 Kg8 34. Nf6+ Kg7 35. Nd7 Bc3 36. Kg2 Rc8 37. Kf3 Bd4 38. Rb5 a4 39. Ra5 Re8 40. Rxa4 Re3+ 41. Kg2 Rxd3 42. Rc4 Rd2+ 43. Kg3 Rxa2 44. Nxc5 Ra3+ 45. Kg2 Bxc5 46. Rxc5 Kf6 47. h4 Rd3 48. Re5 Rd6 49. Kg3 Re6 50. Rd5 Re3+ 51. Kg2 Ke6 52. Rg5 Kf6 53. Rd5 Re4 54. Kf3 Re1 55. Kg2 Re3 56. Rg5 Rd3 57. Re5 Kg7 58. Re7 Rd5 59. Kg3 Kf6 60. Ra7 Rb5 61. Rc7 Ke6 62. Rc6+ Kf5 63. Rc3 Rd5 64. Kf3 f6 65. Ra3 Rd1 66. Ra5+ Ke6 67. Ra6+ Rd6 68. Ra3 Rc6 69. Rb3 Kd5 70. Rd3+ Ke6 71. Rb3 Ra6 72. Rb5 Ra3+ 73. Kg2 Rd3 74. Ra5 Rd5 75. Ra3 Rd1 76. Ra5 Rd2+ 77. Kg3 Rd5 78. Ra3 Kf5 79. Kf3 Rd4 80. Ra5+ Ke6 81. Ra6+ Rd6 82. Ra5 Rd3+ 83. Kg2 Rd5 84. Ra3 Rf5 85. Ra6+ Kd5 86. Kf3 g5 87. Ra5+ Ke6 88. Rxf5 Kxf5 89. fxg5 fxg5 90. hxg5 Kxg5 1/2-1/2

[Event "Alicante Easter op 7th"]
[Site "La Nucia"]
[Date "2023.04.06"]
[Round "2"]
[White "Garrido Diaz, Ernesto"]
[Black "Murphy, Conor"]
[Result "0-1"]
[WhiteElo "2106"]
[BlackElo "2450"]
[PlyCount "86"]
[EventDate "2023.04.05"]
[EventType "swiss"]
[EventRounds "9"]
[EventCountry "ESP"]
[SourceTitle "CBM 213 Extra"]
[Source "ChessBase"]
[SourceDate "2023.05.31"]
[SourceVersion "1"]
[SourceVersionDate "2023.05.31"]
[SourceQuality "1"]

1. e4 e6 2. d4 d5 3. Nc3 Nf6 4. e5 Nfd7 5. f4 c5 6. Nce2 Nc6 7. Nf3 b6 8. c3 Ba6 9. Ng3 Bxf1 10. Nxf1 g6 11. Ne3 cxd4 12. Nxd4 Rc8 13. 0-0 Nc5 14. Nxc6 Rxc6 15. Nc2 Ne4 16. Be3 Be7 17. Nd4 Rc8 18. a4 0-0 19. a5 Bc5 20. axb6 axb6 21. Qd3 Qd7 22. Ne2 Bxe3+ 23. Qxe3 Qb5 24. Rfb1 Ra8 25. Rxa8 Rxa8 26. Nd4 Qxb2 27. Qe1 Qxc3 28. Qxc3 Nxc3 29. Rb3 Ra4 30. Rxc3 Rxd4 31. g3 Rc4 32. Rb3 Rc6 33. Kf2 Kf8 34. g4 Ke7 35. Rb5 Kd7 36. f5 Rc2+ 37. Kg3 Kc6 38. Rb1 gxf5 39. gxf5 Re2 40. Rc1+ Kd7 41. fxe6+ fxe6 42. Ra1 h5 43. Rb1 Kc6 0-1

[Event "Roquetas de Mar op 34th"]
[Site "Roquetas de Mar"]
[Date "2023.01.05"]
[Round "4"]
[White "Nguyen, Piotr"]
[Black "Garrido Diaz, Ernesto"]
[Result "1-0"]
[WhiteElo "2431"]
[BlackElo "2131"]
[PlyCount "61"]
[EventDate "2023.01.03"]
[EventType "swiss"]
[EventRounds "9"]
[EventCountry "ESP"]
[SourceTitle "CBM 212 Extra"]
[Source "ChessBase"]
[SourceDate "2023.03.31"]
[SourceVersion "1"]
[SourceVersionDate "2023.03.31"]
[SourceQuality "1"]

1. c4 e6 2. Nc3 d5 3. d4 Nf6 4. cxd5 exd5 5. Bg5 c6 6. e3 h6 7. Bh4 Be7 8. Bd3 0-0 9. Nge2 Ne8 10. Bg3 Nd6 11. Qc2 Re8 12. 0-0 Bf8 13. Rae1 a5 14. Nc1 Na6 15. a3 Bd7 16. f3 Nc7 17. Nb3 Ne6 18. Kh1 b5 19. Qf2 a4 20. Nd2 Qb6 21. Bxd6 Bxd6 22. f4 Qd8 23. Nf3 Ra7 24. Ne5 Bxe5 25. fxe5 Bc8 26. e4 dxe4 27. d5 Qe7 28. Nxe4 cxd5 29. Nf6+ gxf6 30. exf6 Qd7 31. Qh4 1-0

[Event "Malaga op 16th"]
[Site "Malaga"]
[Date "2022.10.30"]
[Round "6"]
[White "Feal Albala, Alonso"]
[Black "Garrido Diaz, Ernesto"]
[Result "0-1"]
[WhiteElo "1950"]
[BlackElo "2083"]
[PlyCount "110"]
[EventDate "2022.10.27"]
[EventType "swiss"]
[EventRounds "9"]
[EventCountry "ESP"]
[SourceTitle "EXT 2024"]
[Source "ChessBase"]
[SourceDate "2023.10.10"]
[SourceVersion "1"]
[SourceVersionDate "2023.10.10"]
[SourceQuality "1"]

1. e4 c5 2. Nf3 d6 3. d4 cxd4 4. Nxd4 Nf6 5. Nc3 g6 6. Be2 Nc6 7. Be3 Bg7 8. 0-0 0-0 9. Qd2 Bd7 10. f3 Nxd4 11. Bxd4 Bc6 12. Rad1 Qc7 13. Rfe1 a6 14. Bf1 Nd7 15. Bxg7 Kxg7 16. Nd5 Bxd5 17. exd5 Rfe8 18. Re4 Kg8 19. Rde1 Nf6 20. R4e3 b5 21. Qd4 Rac8 22. Rc3 Qb7 23. Rxc8 Rxc8 24. c4 bxc4 25. Bxc4 Qb4 26. Rc1 Qc5 27. Qxc5 Rxc5 28. b3 Nxd5 29. Re1 Kf8 30. Bxa6 Nb4 31. Bf1 Nxa2 32. Re4 Nc3 33. Rc4 Rxc4 34. bxc4 Kg7 35. Kf2 Kf6 36. Ke3 Na4 37. Bd3 Nc5 38. Bc2 h6 39. Kd4 Ne6+ 40. Ke3 Ke5 41. g3 g5 42. Bb3 f5 43. Bc2 f4+ 44. Kd3 fxg3 45. hxg3 h5 46. Bd1 h4 47. f4+ Kf5 48. fxg5 hxg3 49. Ke3 Kxg5 50. Bc2 Kg4 51. Be4 Kh3 52. Bd5 Kh2 53. Bf3 g2 54. Bxg2 Kxg2 55. Ke4 Nc5+ 0-1

[Event "ESP-ch U16 Rapid"]
[Site "Salobrena"]
[Date "2022.07.31"]
[Round "8"]
[White "Galstyan, David"]
[Black "Garrido Diaz, Ernesto"]
[Result "0-1"]
[WhiteElo "1481"]
[BlackElo "1731"]
[PlyCount "142"]
[EventDate "2022.07.30"]
[EventType "swiss (rapid)"]
[EventRounds "9"]
[EventCountry "ESP"]
[SourceTitle "EXT 2023"]
[Source "ChessBase"]
[SourceDate "2022.10.05"]
[SourceVersion "1"]
[SourceVersionDate "2022.10.05"]
[SourceQuality "1"]

1. e4 e5 2. Nf3 Nc6 3. Nc3 Nf6 4. d4 exd4 5. Nxd4 Bb4 6. Nxc6 bxc6 7. Bd3 d5 8. exd5 cxd5 9. 0-0 0-0 10. h3 c6 11. Qf3 Rb8 12. Bf4 Bd6 13. b3 Be6 14. Rad1 Bxf4 15. Qxf4 Qa5 16. Na4 c5 17. c4 Rb4 18. Rc1 Bd7 19. Nc3 Qb6 20. Qg5 d4 21. Ne2 a5 22. Bc2 Qd6 23. Nf4 h6 24. Qg3 a4 25. Qd3 Qxf4 26. Rce1 axb3 27. axb3 Rbb8 28. Re7 Rbe8 29. Rxd7 Ne4 30. Rd5 g6 31. g3 Qf6 32. Kg2 Qc6 33. Kh2 Nf6 34. Qf3 Nxd5 35. cxd5 Qd6 36. Bd3 Re5 37. Bc4 Rfe8 38. Ra1 Rf5 39. Qg2 h5 40. Kg1 Kg7 41. h4 Qf6 42. f4 Re3 43. Kf2 Rxf4+ 44. gxf4 Qxf4+ 45. Kg1 Rg3 46. Rf1 Rxg2+ 47. Kxg2 Qg4+ 48. Kh2 Qxh4+ 49. Kg2 Qg4+ 50. Kh2 h4 51. d6 Qg3+ 52. Kh1 Qxd6 53. Rxf7+ Kh6 54. Rf3 Qe5 55. Kg2 Qg5+ 56. Kh3 Qe7 57. Rf7 Qd8 58. Rf4 g5 59. Rf7 Qc8+ 60. Kh2 Qb8+ 61. Kg2 Qg3+ 62. Kf1 h3 63. Rf8 Qg2+ 64. Ke1 Qe4+ 65. Kd1 Qg4+ 66. Kd2 Qg2+ 67. Kd3 h2 68. Rh8+ Kg6 69. Rg8+ Kf5 70. Rf8+ Kg4 71. Be6+ Kg3 0-1

[Event "ESP-ch U16 Rapid"]
[Site "Salobrena"]
[Date "2022.07.31"]
[Round "5"]
[White "Garrido Diaz, Ernesto"]
[Black "Cesar Maestre, Eduardo"]
[Result "0-1"]
[WhiteElo "1731"]
[BlackElo "1515"]
[PlyCount "140"]
[EventDate "2022.07.30"]
[EventType "swiss (rapid)"]
[EventRounds "9"]
[EventCountry "ESP"]
[SourceTitle "EXT 2023"]
[Source "ChessBase"]
[SourceDate "2022.10.05"]
[SourceVersion "1"]
[SourceVersionDate "2022.10.05"]
[SourceQuality "1"]

1. e4 c5 2. Nf3 d6 3. d4 cxd4 4. Nxd4 Nf6 5. Nc3 a6 6. h4 e5 7. Nb3 Be7 8. f4 exf4 9. Bxf4 Nc6 10. Qd2 Bg4 11. Be2 Bxe2 12. Qxe2 h5 13. 0-0-0 Qc7 14. Rhe1 0-0 15. Nd5 Nxd5 16. exd5 Ne5 17. Bxe5 dxe5 18. Qxh5 Rac8 19. Re2 Bd6 20. Kb1 Qc4 21. Qf3 Qxh4 22. g4 Rc4 23. Rg2 Rfc8 24. Rf2 Rf4 25. Qd3 Rxf2 26. Nd2 Qxg4 27. Rh1 f5 28. b3 Qe2 29. Qh3 Rc7 30. Qh8+ Kf7 31. Rg1 Rg2 32. Rxg2 Qxg2 33. Nc4 Qg1+ 34. Kb2 Qd4+ 35. Kb1 Qxd5 36. Qh5+ Ke7 37. Qg5+ Kf7 38. Qxf5+ Kg8 39. Qg5 Qd1+ 40. Kb2 Qd4+ 41. Kb1 Bf8 42. Qg6 Rxc4 43. Qe6+ Kh8 44. bxc4 Qd1+ 45. Kb2 Qd4+ 46. Kb1 Qd6 47. Qh3+ Qh6 48. Qc8 Qf6 49. Qxb7 Qe7 50. Qh1+ Kg8 51. Qd5+ Kh8 52. Qh1+ Kg8 53. Qd5+ Qf7 54. Qxe5 Qxc4 55. Qe8 Qb5+ 56. Qxb5 axb5 57. Kb2 g5 58. Kc3 Kg7 59. Kd4 Kg6 60. c4 bxc4 61. a4 Bb4 62. Kxc4 Be1 63. Kd3 g4 64. Ke2 Ba5 65. Ke3 Kf5 66. Kf2 Kf4 67. Kg2 g3 68. Kg1 Kf3 69. Kh1 g2+ 70. Kh2 Kf2 0-1

[Event "ESP-ch U16 Rapid"]
[Site "Salobrena"]
[Date "2022.07.30"]
[Round "1"]
[White "Garrido Diaz, Ernesto"]
[Black "Gomez Falagan, Hugo"]
[Result "1-0"]
[WhiteElo "1731"]
[BlackElo "1357"]
[PlyCount "77"]
[EventDate "2022.07.30"]
[EventType "swiss (rapid)"]
[EventRounds "9"]
[EventCountry "ESP"]
[SourceTitle "EXT 2023"]
[Source "ChessBase"]
[SourceDate "2022.10.05"]
[SourceVersion "1"]
[SourceVersionDate "2022.10.05"]
[SourceQuality "1"]

1. e4 c6 2. d4 d5 3. exd5 cxd5 4. Bd3 Nc6 5. c3 Nf6 6. Bf4 Bg4 7. Qb3 Qc8 8. Nd2 e6 9. Ngf3 Be7 10. 0-0 0-0 11. Rfe1 Nh5 12. Be3 Nf6 13. Bg5 h6 14. Bh4 Bxf3 15. Nxf3 Na5 16. Qc2 Nc4 17. Ne5 Re8 18. Qe2 Nxe5 19. dxe5 Nd7 20. Bg3 Nf8 21. Kh1 Qc5 22. f4 a6 23. Qf3 Qc7 24. Qg4 g6 25. f5 h5 26. Qf3 exf5 27. Qxd5 Qc6 28. Qb3 Ne6 29. Bc4 b5 30. Bd5 Nc5 31. Bxc6 Nxb3 32. axb3 Rec8 33. Bxa8 Rxa8 34. Red1 Kf8 35. h3 Ke8 36. b4 Ra7 37. Rd5 g5 38. Rxb5 f4 39. Bf2 1-0

[Event "ESP-ch U16 Rapid"]
[Site "Salobrena"]
[Date "2022.07.30"]
[Round "4"]
[White "Gonzalez De Miguel Yataco, Miguel"]
[Black "Garrido Diaz, Ernesto"]
[Result "0-1"]
[WhiteElo "1472"]
[BlackElo "1731"]
[PlyCount "62"]
[EventDate "2022.07.30"]
[EventType "swiss (rapid)"]
[EventRounds "9"]
[EventCountry "ESP"]
[SourceTitle "EXT 2023"]
[Source "ChessBase"]
[SourceDate "2022.10.05"]
[SourceVersion "1"]
[SourceVersionDate "2022.10.05"]
[SourceQuality "1"]

1. e4 e5 2. Nf3 Nc6 3. Bb5 a6 4. Ba4 Nf6 5. Qe2 b5 6. Bb3 Bb7 7. c3 Be7 8. 0-0 0-0 9. Rd1 d6 10. d3 Na5 11. Bc2 c5 12. Nbd2 Re8 13. Nf1 d5 14. Ng3 Bf8 15. Nh4 Qb6 16. Ngf5 Rad8 17. Bg5 h6 18. Be3 dxe4 19. dxe4 Nc4 20. Qf3 Nxe3 21. Qxe3 Qe6 22. Bb3 c4 23. Bc2 Qc6 24. Qg3 Nh5 25. Qf3 Nf4 26. a4 Kh8 27. g3 Ne6 28. Kh1 Ng5 29. Qe2 Nxe4 30. f3 Ng5 31. Kg2 e4 0-1

[Event "Coin op"]
[Site "Coin"]
[Date "2021.04.02"]
[Round "4"]
[White "Garrido Diaz, Ernesto"]
[Black "Plata Fernandez, Diego"]
[Result "1-0"]
[WhiteElo "1979"]
[BlackElo "1644"]
[PlyCount "109"]
[EventDate "2021.04.01"]
[EventType "swiss"]
[EventRounds "7"]
[EventCountry "ESP"]
[SourceTitle "EXT 2022"]
[Source "ChessBase"]
[SourceDate "2021.10.06"]
[SourceVersion "1"]
[SourceVersionDate "2021.10.06"]
[SourceQuality "1"]

1. e4 c5 2. Nf3 d6 3. d4 cxd4 4. Nxd4 Nf6 5. Nc3 e6 6. Be3 a6 7. a4 Nc6 8. g3 Be7 9. Bg2 0-0 10. 0-0 Qc7 11. h3 Bd7 12. f4 Nxd4 13. Bxd4 e5 14. Be3 Bc6 15. f5 b5 16. axb5 axb5 17. Rxa8 Rxa8 18. Nd5 Bxd5 19. exd5 Qc4 20. g4 Rc8 21. c3 Ne4 22. Bc1 Bh4 23. Bxe4 Qxe4 24. Qf3 Qxf3 25. Rxf3 Rc5 26. Rd3 h6 27. Be3 Rc8 28. Rd1 Ra8 29. Kf1 Bg5 30. Bf2 Kf8 31. Ke2 Ke8 32. Kd3 Kd7 33. Rb1 Ra2 34. c4 e4+ 35. Kxe4 bxc4 36. Bd4 f6 37. Bc3 Ra8 38. Kd4 Ra4 39. Ke4 Ra8 40. Be1 Ra4 41. Kf3 h5 42. gxh5 c3 43. bxc3 Rf4+ 44. Kg3 Rxf5 45. Rb7+ Kc8 46. Rxg7 Rxd5 47. h4 Rd3+ 48. Kg4 Bc1 49. Rg6 Rd1 50. Bg3 Rf1 51. h6 f5+ 52. Kh3 Bxh6 53. Rxh6 f4 54. Kg2 Rc1 55. Bxf4 1-0

[Event "Malaga-ch"]
[Site "Malaga"]
[Date "2019.02.17"]
[Round "5.7"]
[White "Garrido Diaz, Ernesto"]
[Black "Garrido Diaz, Jose Antonio"]
[Result "1/2-1/2"]
[WhiteElo "1896"]
[BlackElo "2059"]
[PlyCount "26"]
[EventDate "2019.02.09"]
[EventType "swiss"]
[EventRounds "7"]
[EventCountry "ESP"]
[SourceTitle "EXT 2024"]
[Source "ChessBase"]
[SourceDate "2023.10.10"]
[SourceVersion "1"]
[SourceVersionDate "2023.10.10"]
[SourceQuality "1"]

1. d4 Nf6 2. Bf4 d5 3. Nf3 e6 4. e3 c5 5. c3 Nc6 6. Na3 Be7 7. Nb5 0-0 8. Nc7 Rb8 9. Nb5 Ra8 10. Nc7 Rb8 11. Nb5 Ra8 12. Nc7 Rb8 13. Nb5 Ra8 1/2-1/2

[Event "Malaga-ch"]
[Site "Malaga"]
[Date "2019.02.10"]
[Round "2.9"]
[White "Ramos Guaz, Jose Manuel"]
[Black "Garrido Diaz, Ernesto"]
[Result "0-1"]
[WhiteElo "1766"]
[BlackElo "1896"]
[PlyCount "46"]
[EventDate "2019.02.09"]
[EventType "swiss"]
[EventRounds "7"]
[EventCountry "ESP"]
[SourceTitle "EXT 2024"]
[Source "ChessBase"]
[SourceDate "2023.10.10"]
[SourceVersion "1"]
[SourceVersionDate "2023.10.10"]
[SourceQuality "1"]

1. d4 Nf6 2. c4 e6 3. Nf3 b6 4. a3 Bb7 5. Nc3 Be7 6. d5 0-0 7. e4 exd5 8. cxd5 d6 9. Be2 Re8 10. 0-0 Bf8 11. Qc2 a6 12. b4 g6 13. Bb2 Bg7 14. Nd2 Nbd7 15. Rac1 Rc8 16. f3 h5 17. Qb3 h4 18. Rfe1 Nh5 19. Bf1 Qg5 20. Qd1 Nf4 21. Kh1 Ne5 22. Ne2 Ned3 23. Nxf4 Nf2+ 0-1

[Event "Andalucia-chA"]
[Site "Algeciras"]
[Date "2018.05.12"]
[Round "1"]
[White "Valhondo Morales, Ruben"]
[Black "Garrido Diaz, Ernesto"]
[Result "1-0"]
[WhiteElo "2204"]
[BlackElo "1814"]
[PlyCount "133"]
[EventDate "2018.05.12"]
[EventType "swiss"]
[EventRounds "8"]
[EventCountry "ESP"]
[SourceTitle "EXT 2020"]
[Source "ChessBase"]
[SourceDate "2019.10.17"]
[SourceVersion "1"]
[SourceVersionDate "2019.10.17"]
[SourceQuality "1"]

1. Nf3 c5 2. e4 e6 3. c4 Nc6 4. Nc3 d6 5. d4 cxd4 6. Nxd4 Nf6 7. Be2 Be7 8. Be3 0-0 9. 0-0 a6 10. Qd2 Qc7 11. Rac1 Rd8 12. Rfd1 Bd7 13. f3 Rac8 14. Nd5 exd5 15. cxd5 Qb8 16. dxc6 bxc6 17. Bxa6 Rc7 18. Bf1 c5 19. Ne2 Rb7 20. b3 Be6 21. Nf4 d5 22. Nxe6 fxe6 23. exd5 Rxd5 24. Qf2 Rbd7 25. Re1 Qb6 26. Bc4 Rf5 27. b4 Kf8 28. bxc5 Bxc5 29. Bxc5+ Qxc5 30. Qxc5+ Rxc5 31. Bxe6 Rxc1 32. Rxc1 Rd6 33. Bb3 Ke7 34. Re1+ Kf8 35. Kf2 Rd2+ 36. Re2 Rd3 37. Rc2 g6 38. Ke2 Rd8 39. Rc7 Nh5 40. g3 Re8+ 41. Kd2 Re7 42. Rc8+ Kg7 43. a4 Nf6 44. a5 Ra7 45. Rc5 Nd7 46. Rb5 Kf6 47. f4 Ke7 48. Kc3 Kd6 49. Kb4 Ra6 50. Bc4 Ra7 51. Be2 Kc6 52. Bf3+ Kc7 53. h4 Ra6 54. Bb7 Rd6 55. a6 Rd4+ 56. Kc3 Ra4 57. Kb3 Ra1 58. Kb2 Ra4 59. h5 Kd6 60. hxg6 hxg6 61. Rg5 Nf8 62. Kb3 Ra1 63. Kb4 Kc7 64. Ra5 Rxa5 65. Kxa5 Nd7 66. Be4 Nf8 67. a7 1-0

[Event "ESP-ch U10"]
[Site "Granada"]
[Date "2016.07.02"]
[Round "9"]
[White "Garrido Diaz, Ernesto"]
[Black "Perez Travieso, Saul"]
[Result "1-0"]
[WhiteElo "1403"]
[BlackElo "1299"]
[PlyCount "95"]
[EventDate "2016.06.27"]
[EventType "swiss"]
[EventRounds "9"]
[EventCountry "ESP"]
[SourceTitle "EXT 2024"]
[Source "ChessBase"]
[SourceDate "2023.10.10"]
[SourceVersion "1"]
[SourceVersionDate "2023.10.10"]
[SourceQuality "1"]

1. e4 d5 2. exd5 Qxd5 3. Nc3 Qa5 4. d4 Nf6 5. Nf3 c6 6. Bc4 Bg4 7. h3 Bxf3 8. Qxf3 e6 9. 0-0 Be7 10. Be3 0-0 11. Rad1 Nbd7 12. Rfe1 Rfe8 13. a3 Qc7 14. Bg5 Nb6 15. Bb3 Nbd5 16. Nxd5 Nxd5 17. Bxe7 Rxe7 18. c4 Nf6 19. d5 cxd5 20. cxd5 exd5 21. Rxe7 Qxe7 22. Bxd5 Nxd5 23. Qxd5 h6 24. Qd7 Qxd7 25. Rxd7 Rb8 26. Kf1 Kf8 27. Ke2 Ke8 28. Rc7 a6 29. Kd3 Rd8+ 30. Kc3 b5 31. Rc6 Ra8 32. Kb4 Kd7 33. Rb6 Kc7 34. Ka5 f6 35. Rxa6 Rxa6+ 36. Kxa6 Kc6 37. b4 g5 38. g4 Kd5 39. Kxb5 Ke4 40. Kc4 f5 41. gxf5 Kxf5 42. b5 h5 43. b6 h4 44. b7 g4 45. b8Q gxh3 46. Qh2 Kg4 47. f3+ Kxf3 48. Qxh3+ 1-0

[Event "ESP-ch U10"]
[Site "Granada"]
[Date "2016.07.01"]
[Round "8"]
[White "Revaliente Montoya, Ciro"]
[Black "Garrido Diaz, Ernesto"]
[Result "1-0"]
[WhiteElo "1822"]
[BlackElo "1403"]
[PlyCount "63"]
[EventDate "2016.06.27"]
[EventType "swiss"]
[EventRounds "9"]
[EventCountry "ESP"]
[SourceTitle "EXT 2024"]
[Source "ChessBase"]
[SourceDate "2023.10.10"]
[SourceVersion "1"]
[SourceVersionDate "2023.10.10"]
[SourceQuality "1"]

1. e4 e6 2. d4 d5 3. e5 c5 4. c3 Qb6 5. Nf3 Nc6 6. a3 Nh6 7. b4 cxd4 8. cxd4 Nf5 9. Be3 Bd7 10. Bd3 Nxe3 11. fxe3 f6 12. exf6 gxf6 13. 0-0 Bh6 14. Qe2 0-0 15. Nc3 Kh8 16. Kh1 Qd8 17. b5 Ne7 18. e4 Be8 19. exd5 exd5 20. Nh4 Bg5 21. Nf5 Ng6 22. g3 Rc8 23. Na4 Bd7 24. h4 Bxf5 25. Bxf5 Rc4 26. Nc5 Qd6 27. hxg5 fxg5 28. Bxg6 Rxf1+ 29. Rxf1 hxg6 30. Qe8+ Kh7 31. Rf7+ Kh6 32. Qh8# 1-0

[Event "Andalucia-ch U08"]
[Site "Huelva"]
[Date "2014.04.27"]
[Round "8.1"]
[White "Garrido Diaz, Jose Antonio"]
[Black "Garrido Diaz, Ernesto"]
[Result "0-1"]
[WhiteElo "1288"]
[BlackElo "1201"]
[PlyCount "42"]
[EventDate "2014.04.25"]
[EventType "swiss"]
[EventRounds "9"]
[EventCountry "ESP"]
[SourceTitle "EXT 2024"]
[Source "ChessBase"]
[SourceDate "2023.10.10"]
[SourceVersion "1"]
[SourceVersionDate "2023.10.10"]
[SourceQuality "1"]

1. e4 e6 2. d4 d5 3. exd5 exd5 4. Nc3 Nf6 5. Bd3 Bd6 6. Nge2 Nc6 7. Be3 Be6 8. Qd2 Qd7 9. 0-0-0 0-0-0 10. Kb1 Ng4 11. Rdf1 Nxe3 12. Qxe3 Kb8 13. f4 g6 14. Qd2 Rhf8 15. Re1 Bb4 16. a3 Ba5 17. g3 f5 18. Nc1 Nxd4 19. Qe3 Bb6 20. N1e2 Nxc2 21. Qe5 Nxe1 0-1

[Event "Andalucia-ch U08"]
[Site "Huelva"]
[Date "2014.04.26"]
[Round "7.2"]
[White "Maldonado Mena, German"]
[Black "Garrido Diaz, Ernesto"]
[Result "0-1"]
[WhiteElo "1097"]
[BlackElo "1201"]
[PlyCount "39"]
[EventDate "2014.04.25"]
[EventType "swiss"]
[EventRounds "9"]
[EventCountry "ESP"]
[SourceTitle "EXT 2024"]
[Source "ChessBase"]
[SourceDate "2023.10.10"]
[SourceVersion "1"]
[SourceVersionDate "2023.10.10"]
[SourceQuality "1"]

1. d4 d5 2. Nf3 Nf6 3. Bg5 e6 4. e3 Nc6 5. Ne5 Bd7 6. Nd2 Be7 7. a3 0-0 8. Bd3 h6 9. Bxh6 gxh6 10. Qf3 Kh8 11. Qh3 Ng8 12. Qf3 Nxe5 13. dxe5 c5 14. b3 Qc7 15. Qf4 Bg5 16. Qg3 b5 17. h4 Be7 18. e4 c4 19. bxc4 dxc4 20. Be2 0-1